1160 1870 1274 1410 1331 1570 1278 1002 1515 1118 1179 1842 1945 1480 1362 1364 1822 1662 1843 1341 1585 1436 1919 1430 1547 1892 1904 1696 1416 1596 1957 1300 1193 1875 1033 1209 1126 1482 1085 1478 1459 1357 1103 1211 1229 1297 1767 1965 1560 1997 1055 1212 1853 1227 1606 1569 1075 1428 1979 1699 1446 1394 1594 1174 1198 1749 1377 1436 1656 1166 1368 1327 1662 1623 1394 1848 1317 1054 1600 1066 1399 1051 1776 1006 1151 1694 1909 1964 1777 1210 1909 1012 1300 1138 1294 1698 1019 1471 1238 BCNSPRNW ULIB Ver.6.0+V

เปลี่ยนเป็นภาษาไทย

Change to English
 แสดงรายละเอียดบรรณานุกรม
  กลับหน้าหลัก

Brief Record : Get Marc (ISO 2709) : E-mail record : QR code < ปิดหน้าต่าง
LEADER : 00000nam 2200000uu 4500
001    13399125704
003     ULIB
008    170716s2559||||th 000 0 tha d
020    ^a9786167793207
060  0 ^aWB327^bห177ร
100 0  ^aหมอแมว มีหมี
245 00 ^aเรื่องสุขภาพสนุกๆสไตล์หมอแมว /^cหมอแมว มีหมี
260    ^aกรุงเทพฯ :^bบริษัทต้นมะนาวพับลิชชิ่ง,^c2559
300    ^a192 หน้า ;^c21 ซม.
650  0 ^aสุขภาพ
945    ^p169^l0^i25275
999    ^aกัณชพร จุลอักษร
รายการนี้ยังไม่มีแท็ก
คุณยังไม่ได้ล็อกอิน คุณสามารถมีกิจกรรมร่วมกับเว็บไซต์ได้ แต่ต้องล็อกอินก่อน ::
  ล็อกอิน

รายการสื่อสารสนเทศ

ลำดับที่ ประเภท เลขเรียก/บาร์โค้ด สถานที่ สถานะ
1. วิทยาศาสตร์การแพทย์ และสุขภาพ
วิทยาศาสตร์การแพทย์ และสุขภาพ
สถานะ=หนังสือเก่า
WB327 ห177ร ฉ.1 
  Barcode: 25275
ห้องสมุดวิทยาเขตนครสวรรค์
►ส่วนจัดเก็บหนังสือเก่า นว.
บนชั้น
  ขอยืม

รายการใกล้เคียง
    ผู้แต่ง [หมอแมว มีหมี]

    หัวเรื่อง [สุขภาพ]

BibComment


ยังไม่เคยถูกคอมเมนท์

คอมเมนท์ทรัพยากรรายการนี้
  คอมเมนท์: เรื่องสุขภาพสนุก..


 Copyright 2026. Bcnsprnw @Library